LEADER 02411nam 2200601 a 450 001 9910457873903321 005 20200520144314.0 010 $a1-283-25909-5 010 $a9786613259097 010 $a1-61121-017-8 035 $a(CKB)2550000000054469 035 $a(DLC)2006281638 035 $a(StDuBDS)AH24486080 035 $a(SSID)ssj0000647185 035 $a(PQKBManifestationID)12321290 035 $a(PQKBTitleCode)TC0000647185 035 $a(PQKBWorkID)10593388 035 $a(PQKB)11244041 035 $a(MiAaPQ)EBC3007445 035 $a(Au-PeEL)EBL3007445 035 $a(CaPaEBR)ebr10498868 035 $a(CaONFJC)MIL325909 035 $a(OCoLC)923617583 035 $a(EXLCZ)992550000000054469 100 $a20061024d2006 uy 0 101 0 $aeng 135 $aur||||||||||| 181 $ctxt 182 $cc 183 $acr 200 10$aPlenty of blame to go around$b[electronic resource] $eJeb Stuart's controversial ride to Gettysburg /$fEric J. Wittenberg & J. David Petruzzi 205 $a2nd ed. 210 $aNew York $cSavas Beatie$dc2006 215 $a1 online resource (xxvii, 428 p. ) $cill., maps 300 $aSecond printing. 311 $a1-932714-20-0 311 $a1-61121-098-4 320 $aIncludes bibliographical references (p. [397]-413) and index. 327 $aThe ride begins -- Across the Potomac -- Cavalry clash at Westminster -- The battle of Hanover begins -- The second phase of the battle of Hanover -- The long road to Carlisle -- A night to remember: Carlisle -- The battle of Hunterstown -- The controversy begins -- The controversy continues -- Conclusion -- Appendix A: Stuart's command in the ride to Pennsylvania -- Appendix B: Orders of battle -- Appendix C: Major General Jeb Stuart's official report -- Appendix D: A driving tour of Stuart's ride to Gettysburg. 606 $aGettysburg, Battle of, Gettysburg, Pa., 1863 607 $aUnited States$xHistory$yCivil War, 1861-1865$xCavalry operations 608 $aElectronic books. 615 0$aGettysburg, Battle of, Gettysburg, Pa., 1863. 676 $a973.7/349 700 $aWittenberg$b Eric J.$f1961-$0891704 701 $aPetruzzi$b J. David$0891705 801 0$bMiAaPQ 801 1$bMiAaPQ 801 2$bMiAaPQ 906 $aBOOK 912 $a9910457873903321 996 $aPlenty of blame to go around$91991540 997 $aUNINA LEADER 02467nam 2200625Ia 450 001 9910450215703321 005 20200520144314.0 010 $a1-280-37338-5 010 $a9786610373383 010 $a0-8213-6323-9 035 $a(CKB)1000000000225193 035 $a(EBL)459455 035 $a(OCoLC)65196944 035 $a(SSID)ssj0000085473 035 $a(PQKBManifestationID)11116143 035 $a(PQKBTitleCode)TC0000085473 035 $a(PQKBWorkID)10009841 035 $a(PQKB)10331221 035 $a(MiAaPQ)EBC459455 035 $a(Au-PeEL)EBL459455 035 $a(CaPaEBR)ebr10116560 035 $a(CaONFJC)MIL37338 035 $a(EXLCZ)991000000000225193 100 $a20050804d2005 uf 0 101 0 $aeng 135 $aur|n|---||||| 181 $ctxt 182 $cc 183 $acr 200 00$aAttacking Africa's poverty$b[electronic resource] $eexperience from the ground /$fedited by Louise Fox, Robert Liebenthal 210 $aWashington, DC $cWorld Bank$d2005 215 $a1 online resource (416 p.) 300 $aDescription based upon print version of record. 311 $a0-8213-6322-0 320 $aIncludes bibliographical references and index. 327 $aContents; FOREWORD; PREFACE; ABBREVIATIONS AND ACRONYMS; I ATTACKING POVERTY IN AFRICA; Figures; Boxes; II IMPROVING THE INVESTMENT CLIMATE; Tables; III DELIVERING SERVICES TO POOR PEOPLE; NOTES; INDEX 330 $aBy all measures, poverty in Africa as a whole has increased and deepened. But in fact, Africa contains a number of undocumented success stories of poverty reduction. This book presents case studies of thirteen of these success stories, giving grounds for some real hope, and providing useful learning for all ? policymakers, governments, businesses, service providers, NGOs, and donors. 606 $aEconomic assistance$zAfrica$vCase studies 606 $aPoverty$zAfrica$vCase studies 606 $aEconomic development projects$zAfrica$vCase studies 608 $aElectronic books. 615 0$aEconomic assistance 615 0$aPoverty 615 0$aEconomic development projects 676 $a339.4/6/096 701 $aFox$b M. Louise$0862291 701 $aLiebenthal$b Robert$01039889 712 02$aWorld Bank. 801 0$bMiAaPQ 801 1$bMiAaPQ 801 2$bMiAaPQ 906 $aBOOK 912 $a9910450215703321 996 $aAttacking Africa's poverty$92462355 997 $aUNINA